Central Library OPAC University of Rajshahi

Elements of mathematical statistics. / (Record no. 6686)

MARC details
000 -LEADER
fixed length control field 00698nam a22002411 4500
001 - CONTROL NUMBER
control field 6686
003 - CONTROL NUMBER IDENTIFIER
rucl marc code BD-RjUL
005 - DATE AND TIME OF LATEST TRANSACTION
control field 20211208234307.0
008 - FIXED-LENGTH DATA ELEMENTS--GENERAL INFORMATION
fixed length control field 140112s1962 enka 000 0 eng
035 ## - SYSTEM CONTROL NUMBER
System control number (BD-RjUL)6727
040 ## - CATALOGING SOURCE
Original cataloging agency DLC/ICU
Transcribing agency ICU
Modifying agency DLC
Language of cataloging eng
041 ## - LANGUAGE CODE
Language code of text/sound track or separate title eng
082 00 - DEWEY DECIMAL CLASSIFICATION NUMBER
Classification number 519
Author mark and year RAE 1962
100 1# - MAIN ENTRY--PERSONAL NAME
Personal name Ractliffe, J. F.
9 (RLIN) 21021
245 10 - TITLE STATEMENT
Title Elements of mathematical statistics. /
Statement of responsibility, etc. by J. F. Ractliffe
260 ## - PUBLICATION, DISTRIBUTION, ETC. (IMPRINT)
Place of publication, distribution, etc. London;
-- New York :
Name of publisher, distributor, etc. Oxford University Press,
Date of publication, distribution, etc. 1962.
300 ## - PHYSICAL DESCRIPTION
Pagination x, 202 p. :
Illustrations illus.
Size 22 cm.
650 #0 - SUBJECT ADDED ENTRY--TOPICAL TERM
Topical term or geographic name as entry element Mathematical statistics.
9 (RLIN) 21023
942 ## - ADDED ENTRY ELEMENTS (KOHA)
Source of classification or shelving scheme Dewey Decimal Classification
Koha item type Books
Holdings
Lost status Source of classification or shelving scheme Damaged status Not for loan Collection code Permanent Location Current Location Shelving location Date acquired Source of acquisition Total Checkouts Full call number Date last seen Copy number Koha item type Cost, normal purchase price
  Dewey Decimal Classification     Non-fiction Central Library, University of Rajshahi Central Library, University of Rajshahi     W. U. S Gift   519 RAE 1962 12/01/2014 C-8 Books  
  Dewey Decimal Classification       Central Library, University of Rajshahi Central Library, University of Rajshahi   26/03/1964 Zeitlinger   519 RAE 1962 12/01/2014 C-7 Books 18.00
  Dewey Decimal Classification     Non-fiction Central Library, University of Rajshahi Central Library, University of Rajshahi   26/03/1964 Zeitlinger   519 RAE 1962 12/01/2014 C-3 Books 18.00
  Dewey Decimal Classification     Non-fiction Central Library, University of Rajshahi Central Library, University of Rajshahi   26/03/1964 Zeitlinger   519 RAE 1962 19/01/2014 C-2 Books 18.00
  Dewey Decimal Classification     Non-fiction Central Library, University of Rajshahi Central Library, University of Rajshahi   26/03/1964 Zeitlinger   519 RAE 1962 31/08/2016 C-4 Books 18.00
  Dewey Decimal Classification     Non-fiction Central Library, University of Rajshahi Central Library, University of Rajshahi   26/03/1964 Zeitlinger   519 RAE 1962 31/08/2016 C-5 Books 18.00
  Dewey Decimal Classification     Non-fiction Central Library, University of Rajshahi Central Library, University of Rajshahi   26/03/1964 Zeitlinger   519 RAE 1962 31/08/2016 C-6 Books 18.00
  Dewey Decimal Classification     Non-fiction Central Library, University of Rajshahi Central Library, University of Rajshahi   26/03/1964 Zeitlinger   519 RAE 1962 05/09/2016 C-9 Books 18.00